=LDR 00000nam 2200000 4500 =001 000293 =990 ##$$a TBM202500098 =005 20250710011244 =035 ##$$a 0010-0725000140 =245 1#$$a Anis Tidak Suka /$c Erna Fitrini =100 #$$a Fitrini, Erna =250 ##$$a Cetakan Pertama =300 ##$$a 28 hlm : $b ilus. ; $c 29,7 cm =856 ##$$a TBM AS SUHADA =260 ##$$a Jakarta Timur :$b Kementerian Pendidikan, Kebudayaan, Riset, dan Teknologi,$c 2022 =082 ##$$a 398.209 598 =084 ##$$a 398.209 598 FIT a =020 ##$$a 978-623-118-747-5 =600 #4$$a Cerita anak-Indonesia =650 #4$$a Cerita Bergambar